Teória životnej úrovne

Gespeichert in:
Bibliographische Detailangaben
1. Verfasser: Hronský, Filip
Format: Buch
Sprache:Slowakisch
Veröffentlicht: Bratislava Pravda 1981
Schriftenreihe:Ekonomická veda a socialistická súčasnosť
Tags: Tag hinzufügen
Keine Tags, Fügen Sie das erste Tag hinzu!

MARC

LEADER 00000nam a2200000 4500
001 c119222
005 20041019155213.5
041 0 |a slo 
044 |a SK 
245 1 0 |a Teória životnej úrovne  |c Filip Hronský 
264 1 |a Bratislava  |b Pravda  |c 1981 
300 |a 278 s. 
490 1 |a Ekonomická veda a socialistická súčasnosť 
830 0 |a Ekonomická veda a socialistická súčasnosť 
100 1 |a Hronský, Filip